| 000 | 00430nam a2200157Ia 4500 | ||
|---|---|---|---|
| 008 | 230312s9999||||xx |||||||||||||| ||und|| | ||
| 020 | _a1-9039-9673-2 | ||
| 082 |
_a620.0044 _bREG-M |
||
| 100 | _aRegtien,P.P.L | ||
| 245 | 0 | _aMeasurement Science for Engineers | |
| 260 |
_bKogan Page Science _aIndia _c2004 |
||
| 300 | _a358 | ||
| 546 | _aEng. | ||
| 650 |
_aEngineering _vBasic of Measurement,Errors and Uncertainity |
||
| 942 | _cBK | ||
| 999 |
_c1876 _d1876 |
||